साहित्य-परिशीलन / (Record no. 117994)

MARC details
000 -LEADER
fixed length control field 00941nam a22002537a 4500
005 - DATE AND TIME OF LATEST TRANSACTION
control field 20170124103104.0
010 ## - LIBRARY OF CONGRESS CONTROL NUMBER
LC control number A-995056
020 ## - INTERNATIONAL STANDARD BOOK NUMBER
Terms of availability 60.00
035 ## - SYSTEM CONTROL NUMBER
System control number A-995056
037 ## - SOURCE OF ACQUISITION
Source of stock number/acquisition Cen Lib/Ret
040 ## - CATALOGING SOURCE
Original cataloging agency DPL
Language of cataloging HN
082 ## - DEWEY DECIMAL CLASSIFICATION NUMBER
Classification number 820.8
Item number नरेश
100 ## - MAIN ENTRY--PERSONAL NAME
Personal name नरेश
9 (RLIN) 41420
245 ## - TITLE STATEMENT
Title साहित्य-परिशीलन /
Statement of responsibility, etc नरेश
246 ## - VARYING FORM OF TITLE
Title proper/short title Sahitya parishilan /
Remainder of title by Naresh
260 ## - PUBLICATION, DISTRIBUTION, ETC. (IMPRINT)
Place of publication, distribution, etc नयी दिल्ली
Name of publisher, distributor, etc आर्य बुक डिपो
Date of publication, distribution, etc 1998
270 ## - ADDRESS
City नयी दिल्ली
Address 30, नयीवाला करोल बाग
Postal code 110005
300 ## - PHYSICAL DESCRIPTION
Extent 96पृ.
Dimensions 20सेमी(सजिल्द )
650 ## - SUBJECT ADDED ENTRY--TOPICAL TERM
Topical term or geographic name as entry element साहित्य--निबंध
General subdivision
9 (RLIN) 77860
650 ## - SUBJECT ADDED ENTRY--TOPICAL TERM
Topical term or geographic name as entry element हिंदी--निबंध
9 (RLIN) 77861
650 ## - SUBJECT ADDED ENTRY--TOPICAL TERM
Topical term or geographic name as entry element Literature--essays
9 (RLIN) 77862
650 ## - SUBJECT ADDED ENTRY--TOPICAL TERM
Topical term or geographic name as entry element Hindi--essays
9 (RLIN) 77863
942 ## - ADDED ENTRY ELEMENTS (KOHA)
Source of classification or shelving scheme Dewey Decimal Classification
Koha item type Hindi Books
Classification part 820.8
Call number suffix नरेश
Holdings
Withdrawn status Lost status Damaged status Not for loan Home library Current library Date acquired Source of acquisition Cost, normal purchase price Total Checkouts Full call number Barcode Date last seen Date checked out Copy number Cost, replacement price Price effective from Koha item type
        Central Library Central Library 09/09/2015 Cen Lib/Ref 60.00 1 820.8 नरेश A-995056 27/07/2017 13/07/2017 1 60.00 09/09/2015 Hindi Books

© Delhi Public Library
Hit Counter
free hit counter